Kí [ của Nguyễn Tuân ]

में बचाया:
ग्रंथसूची विवरण
मुख्य लेखक: Nguyễn Tuân
स्वरूप: पुस्तक
भाषा:Undetermined
प्रकाशित: Hà Nội Văn học 1976
विषय:
टैग : टैग जोड़ें
कोई टैग नहीं, इस रिकॉर्ड को टैग करने वाले पहले व्यक्ति बनें!
Thư viện lưu trữ: Trung tâm Học liệu Trường Đại học Cần Thơ
LEADER 00514nam a2200181Ia 4500
001 CTU_9383
008 210402s9999 xx 000 0 und d
082 |a 895.9228 
082 |b T502k 
100 |a Nguyễn Tuân 
245 0 |a Kí [ của Nguyễn Tuân ] 
245 0 |c Nguyễn Tuân 
260 |a Hà Nội 
260 |b Văn học 
260 |c 1976 
650 |a vietnamese literature 
904 |i Nguyễn Quang Điền, 960927 
980 |a Trung tâm Học liệu Trường Đại học Cần Thơ